Sobre el teatro y las artes escénicas / (Record no. 137365)

MARC details
000 -CABECERA
campo de control de longitud fija 01593nam a22003254i 4500
001 - NÚMERO DE CONTROL
campo de control 991061742701206706
003 - IDENTIFICADOR DEL NÚMERO DE CONTROL
campo de control ES-BaIT
005 - FECHA Y HORA DE LA ÚLTIMA TRANSACCIÓN
campo de control 20260413130322.0
008 - DATOS DE LONGITUD FIJA--INFORMACIÓN GENERAL
campo de control de longitud fija 260413s2026 sp 000 0 spa c
017 ## - NÚMERO DE COPYRIGHT O DE DEPÓSITO LEGAL
Número de copyright o de depósito legal DL M 40-2026
Agencia que asigna Oficina DL Madrid
020 ## - NÚMERO INTERNACIONAL ESTÁNDAR DEL LIBRO
Número Internacional Estándar del Libro 9791387675158
040 ## - FUENTE DE LA CATALOGACIÓN
Centro catalogador/agencia de origen ES-BaIT
Lengua de catalogación cat
Normas de descripción rda
Centro/agencia transcriptor ES-BaIT
080 ## - NÚMERO DE LA CLASIFICACIÓN DECIMAL UNIVERSAL
Número de la Clasificación Decimal Universal 1
080 ## - NÚMERO DE LA CLASIFICACIÓN DECIMAL UNIVERSAL
Número de la Clasificación Decimal Universal 792.01
100 1# - ENTRADA PRINCIPAL--NOMBRE DE PERSONA
Nombre de persona Schopenhauer, Arthur,
Fechas asociadas al nombre 1788-1860
Término indicativo de función/relación autor
9 (RLIN) 45701
245 10 - MENCIÓN DE TÍTULO
Título Sobre el teatro y las artes escénicas /
Mención de responsabilidad, etc. Arthur Schopenhauer ; selección de textos, introducción, traducción y notas de Manuel Pérez Cornejo
264 #1 - PRODUCCIÓN, PUBLICACIÓN, DISTRIBUCIÓN, FABRICACIÓN Y COPYRIGHT
Producción, publicación, distribución, fabricación y copyright Madrid :
Nombre del de productor, editor, distribuidor, fabricante Casimiro,
Fecha de producción, publicación, distribución, fabricación o copyright 2026
300 ## - DESCRIPCIÓN FÍSICA
Extensión 125 pàgines ;
Dimensiones 17 cm
336 ## - TIPO DE CONTENIDO
Término de tipo de contenido text
Código de tipo de contenido txt
Fuente rdacontent
337 ## - TIPO DE MEDIO
Nombre/término del tipo de medio sense mediació
Código del tipo de medio n
Fuente rdamedia
338 ## - TIPO DE SOPORTE
Nombre/término del tipo de soporte volum
Código del tipo de soporte nc
Fuente rdacarrier
504 ## - NOTA DE BIBLIOGRAFÍA, ETC.
Nota de bibliografía, etc. Bibliografia pàgines: 45-47
520 ## - SUMARIO, ETC.
Sumario, etc. "“El drama es el género poético más objetivo y, en más de un sentido, el más perfecto, pero también el más difícil. […] Es el espejo de la humanidad, y el que le hace a esta consciente de lo que ella siente y de aquello que la impulsa”. (A. Schopenhauer, El mundo como voluntad y representación, I, § 51). “El que no va al teatro, se parece a alguien que se adecenta sin espejo”. (A. Schopenhauer, Parerga y paralipómena, II, § 361)" -- Contracoberta
650 #7 - PUNTO DE ACCESO ADICIONAL DE MATERIA--TÉRMINO DE MATERIA
Término de materia o nombre geográfico como elemento de entrada Teatre
Subdivisión general Teoria i estètica
9 (RLIN) 57803
650 #0 - PUNTO DE ACCESO ADICIONAL DE MATERIA--TÉRMINO DE MATERIA
Término de materia o nombre geográfico como elemento de entrada Tragèdia
Subdivisión general Història i crítica
9 (RLIN) 69696
700 ## - ENTRADA AGREGADA--NOMBRE PERSONAL
Nombre de persona Pérez Cornejo, Manuel
Término indicativo de función/relación editor literari,
-- escriptor d'una introducció,
-- traductor
9 (RLIN) 133298
908 ## - COLOCAR PARÁMETRO DE COMANDO (RLIN)
Colocar parámetro de comando CDMAE
940 ## - EQUIVALENCIA O REFERENCIA-CRUZADA--TÍTULO UNIFORME [OBSOLETO] [solamente CAN/MARC]
Título uniforme <a href="CDMAE">CDMAE</a>
942 ## - ELEMENTOS DE ENTRADA AGREGADA (KOHA)
Fuente del sistema de clasificación o colocación Clasificación decimal universal
Tipo de ítem Koha Llibre
Holdings
Estado de retiro Estado de pérdida Fuente del sistema de clasificación o colocación Estado dañado No para préstamo Localización permanente Ubicación/localización actual Ubicación en estantería Fecha de adquisición Fuente de adquisición Total de préstamos Signatura topográfica completa Código de barras Fecha visto por última vez Precio válido a partir de Tipo de ítem Koha
    Clasificación decimal universal   Novetat Biblioteca Barcelona Biblioteca Barcelona BCN Lliure Accés 13/04/2026 Compra   1 SCH 1900090018 13/04/2026 13/04/2026 Llibre

Powered by Koha